Kabir granthawali/ (Record no. 11867)

MARC details
000 -LEADER
fixed length control field 00501nam a22001937a 4500
005 - DATE AND TIME OF LATEST TRANSACTION
control field 20240813064521.0
008 - FIXED-LENGTH DATA ELEMENTS--GENERAL INFORMATION
fixed length control field 240813b |||||||| |||| 00| 0 eng d
020 ## - INTERNATIONAL STANDARD BOOK NUMBER
International Standard Book Number 9788184556056
040 ## - CATALOGING SOURCE
Original cataloging agency IN-DiNC
Transcribing agency IN-DiNC
041 ## - LANGUAGE CODE
Language code of sung or spoken text Hindi
082 ## - DEWEY DECIMAL CLASSIFICATION NUMBER
Classification number 891.434
Item number DAS
100 ## - MAIN ENTRY--PERSONAL NAME
Personal name Das, Shyamsunder
Relator term Author
245 ## - TITLE STATEMENT
Title Kabir granthawali/
Statement of responsibility, etc. by Shyamsunder Das
250 ## - EDITION STATEMENT
Edition statement 2018.
260 ## - PUBLICATION, DISTRIBUTION, ETC.
Place of publication, distribution, etc. New Delhi:
Name of publisher, distributor, etc. Omega publications,
Date of publication, distribution, etc. 2018.
300 ## - PHYSICAL DESCRIPTION
Extent 312p.
650 ## - SUBJECT ADDED ENTRY--TOPICAL TERM
Topical term or geographic name entry element Kabir collection
942 ## - ADDED ENTRY ELEMENTS (KOHA)
Source of classification or shelving scheme Dewey Decimal Classification
Koha item type Books
Holdings
Withdrawn status Lost status Source of classification or shelving scheme Damaged status Not for loan Collection code Home library Current library Shelving location Date acquired Cost, normal purchase price Total Checkouts Full call number Barcode Date last seen Date last checked out Copy number Price effective from Koha item type
    Dewey Decimal Classification     Hindi Naharkatiya College Library Naharkatiya College Library General Stacks 13/08/2024 895.00 2 891.434 DAS 26385 21/09/2024 09/09/2024 1 13/08/2024 Books

Naharkatiya College © 2020. All rights reserved.

Powered By